Professional event management : (Record no. 94127)
[ view plain ]
| 000 -LEADER | |
|---|---|
| fixed length control field | 00937nam a22002057a 4500 |
| 003 - CONTROL NUMBER IDENTIFIER | |
| control field | OSt |
| 005 - DATE AND TIME OF LATEST TRANSACTION | |
| control field | 20260507113441.0 |
| 008 - FIXED-LENGTH DATA ELEMENTS--GENERAL INFORMATION | |
| fixed length control field | 260507b |||||||| |||| 00| 0 eng d |
| 020 ## - INTERNATIONAL STANDARD BOOK NUMBER | |
| International Standard Book Number | 9789719823063 |
| 040 ## - CATALOGING SOURCE | |
| Transcribing agency | HS LRC |
| 050 ## - LIBRARY OF CONGRESS CALL NUMBER | |
| Classification number | GT 3405 |
| Item number | .P538 2024 |
| 100 ## - MAIN ENTRY--PERSONAL NAME | |
| Personal name | Reantaso-Bernabe, Cynthia |
| 9 (RLIN) | 131731 |
| 245 ## - TITLE STATEMENT | |
| Title | Professional event management : |
| Remainder of title | a guide to meetings, incentives, conventions,exhibitions, and events / |
| Statement of responsibility, etc. | Cynthia Reantaso-Bernabe, Tinette S. Capistrano, Anton V. Magpantay, Maria Montserrat Iturralde-Hamlin, Joel B. Pascual, Dexter Deyto, Jing S. Lagandaon, Orlando A. Ballesteros, Sonia R. Sayaman, Jose Luis U. Yulo Jr., Thelma Dumpit-Murillo, Adelia Faner-Majaba, Marisa D. Nallana |
| 260 ## - PUBLICATION, DISTRIBUTION, ETC. (IMPRINT) | |
| Place of publication, distribution, etc. | Quezon City : |
| Name of publisher, distributor, etc. | C&E Publishing, |
| Date of publication, distribution, etc. | c2024. |
| 300 ## - PHYSICAL DESCRIPTION | |
| Extent | xiii, 225 p. : |
| Other physical details | col. ill. ; |
| Dimensions | 26 cm. |
| 365 ## - TRADE PRICE | |
| Price amount | 498.00 |
| 504 ## - BIBLIOGRAPHY, ETC. NOTE | |
| Bibliography, etc | includes index. |
| 650 ## - SUBJECT ADDED ENTRY--TOPICAL TERM | |
| Topical term or geographic name as entry element | Special events |
| General subdivision | Management. |
| 9 (RLIN) | 129967 |
| 942 ## - ADDED ENTRY ELEMENTS (KOHA) | |
| Source of classification or shelving scheme | Library of Congress Classification |
| Koha item type | Books |
| Withdrawn status | Lost status | Source of classification or shelving scheme | Damaged status | Not for loan | Collection code | Home library | Current library | Shelving location | Date acquired | Source of acquisition | Cost, normal purchase price | Inventory number | Total Checkouts | Full call number | Barcode | Date last seen | Copy number | Cost, replacement price | Price effective from | Koha item type |
|---|---|---|---|---|---|---|---|---|---|---|---|---|---|---|---|---|---|---|---|---|
| Library of Congress Classification | Circulation | DLSU-D HS Learning Resource Center | DLSU-D HS Learning Resource Center | Circulation | 06/24/2025 | HS LRC SY 2024-2025 | 498.00 | CIR-002613 | GT 3405 .P538 2024 | 3HS00000002613 | 05/07/2026 | 002613 | 498.00 | 05/07/2026 | Books |









